Estadísticas para Formas de país en mi hamburguesa

Haz click aquí para intentar la prueba.

Estadísticas generales

  • Esta prueba ha sido intentada 36 veces
    (19 desde el último reinicio)
  • La puntuación promedio es 11 de 18

Respuestas en el mapa

Las respuestas están codificadas por una escala verde-roja en el mapa de la prueba según el % correcto abajo.
 

Estadísticas de respuestas

País% Correcto
India
89%
Chipre
83%
Austria
78%
Taiwán
78%
Bosnia y Herzegovina
72%
Portugal
72%
Sri Lanka
72%
Mongolia
67%
Nepal
67%
Nicaragua
67%
Eslovaquia
61%
Togo
61%
Túnez
61%
Timor Oriental
56%
Israel
39%
Belice
28%
Fiyi
22%
Cabo Verde
6%

Distribución de puntuación

Porcentaje por número respondido

Porcentaje de gente con cada puntuación

Historial de tus puntuaciones

No has intentado esta prueba desde el último reinicio